Click Chain #19 - Literally - Statistics

General Stats
  • This quiz has been taken 5,698 times
  • The average score is 18 of 30
Answer Stats
Hint Answer % Correct
The capital of Thailand is: Bangkok
98%
...whose name in Thai is: Krung Thep Maha Nakhon
75%
...who famously sliced his: Ear
73%
...which has been cultivated for centuries through the domestication of: Honey Bees
72%
...whose apocrine glands create a type of protective: Wax
72%
...which was a term popularized by musician: Don McLean
71%
...which is only a year after Sierra Nevada enjoyed a major: Gold Rush
71%
...whose song "Vincent" sympathetically considers the mental illness of: van Gogh
71%
...when there was a tragic plane crash that is referred to as: The Day the Music Died
69%
...which gained statehood in: 1959
67%
...who, until the 1800s, did not live on the mainland of: Australia
66%
...which borders the American state of: Alaska
65%
...which is home to the island country of: Sri Lanka
63%
...whose mouth flows into the: Indian Ocean
62%
...which is a tourist hotspot and the largest island in: Thailand
62%
...which is a common nickname for: Los Angeles
59%
...which runs right through the city of: Perth
59%
...who lost a war and ceded the land that would become: California
57%
...which became a state in: 1850
56%
...which roughly means The Great: City of Angels
52%
...which, until 1952, served as the capital of the: Yukon Territory
52%
...which dissolved in the year of: 1821
51%
...which is about 1200 kilometres due west from the island of: Phuket
48%
...which is not far from the town of: Dawson City
46%
...which also happened much further north when gold was found near the: Klondike River
46%
...whose metropolitan area is also bifurcated by the: Swan River
45%
...which was first established as part of the colony of: New Spain
41%
...when a civil war led to the creation of: Mexico
37%
...which is the easternmost point of the: Great Eastern Highway
36%
...whose Western state enjoyed a gold rush when gold was found in: Kalgoolrie
28%
No matching quizzes found
Score Distribution
Percent of People with Each Score
Percentile by Number Answered
Your Score History
You have not taken this quiz